000 00828nam1a22002771 4500
001 v19\rc\1975234
005 20251118181135.5
035 _a(NLR Aleph) 005059211
090 _a6978040
_c6978040
100 _a20080623d1914 u y0rusy50 ca
101 0 _arus
102 _aRU
105 _a z |||||
200 1 _aМоре и моряки
_eСб. произведений рус. и иностр. писателей
_fС. Кузнецов
205 _a2-е изд. Ч. 1-
210 _aСанкт-Петербург
_cтип. В.Ф. Киршбаума
_d1914
215 _d25
700 1 _aКузнецов
_bС.
801 0 _aRU
_bNLR
_gpsbo
801 0 _aRU
_bRuMoRGB
_2psbo
801 1 _aRU
_bProSoft-M
_2rusmarc
852 _aNLR
_j63-7/1762
899 _aRuMoRGB
_jV 10/153
899 _aБАН
942 _cBOOK
980 _aNB